Devine le logo des marques ! - Statistiques

Statistiques générales
  • Ce quiz a été pris 82 fois
  • Le résultat moyen est 14 sur 16
Statistiques - réponses
Par images Réponse % Correct
Amazon
99%
Apple
99%
Ferrari
99%
Google
99%
Puma
99%
Chanel
96%
Nike
96%
McDonald's
90%
Toyota
90%
Louis Vuitton
88%
Rolex
81%
Nestlé
79%
Shell
77%
Coca-Cola
67%
Mercedes-Benz
63%
Samsung
60%
Aucun quiz correspondant
Distribution des résultats
% des personnes avec chaque résultat
Percentile par nombre de réponses
Votre historique - résultats
Vous n’avez pas pris ce quiz